| 000 | 00694nam a2200193 a 4500 | ||
|---|---|---|---|
| 005 | 20210223121900.0 | ||
| 008 | 991125s1980 ag 000 0 spa u | ||
| 035 | _aUPN01000025383 | ||
| 049 | _aCG | ||
| 050 | 4 |
_aPQ6439 _bF7 |
|
| 100 | 1 |
_aVega Carpio, Félix Lope de, _d1562-1635 |
|
| 245 | 1 | 0 |
_aFuenteovejuna / _cFelix Lope de Vega Carpio ; estudio prelim. y notas de Raquel Minian de Alfie ; ed. Ma. Hortensia Lacau. |
| 260 |
_aBuenos Aires : _bKapelusz, _c1980. |
||
| 300 | _a127 p. | ||
| 440 | 0 |
_aGrandes obras de la literatura universal ; _v25 |
|
| 650 | 4 |
_aDRAMA ESPAÑOL (COMEDIA) _914495 |
|
| 700 | 1 |
_aLacau, María Hortensia Palisa Mujica de, _d1910-2006 _eed. _928851 |
|
| 905 | _aLibro | ||
| 999 |
_c25383 _d25383 |
||